Historia - lvl 1 - Statystyki

Ogólne statystyki
  • Ten quiz został rozwiązany 1 685 razy
  • Średni wynik to 12 z 15
Statystyki odpowiedzi
Zagadnienie Odpowiedź % Poprawnych
Bitwa pod Grunwaldem odbyła się: 15 lipca 1410
89%
Pierwszym królem Polski był: Bolesław Chrobry
89%
Które miasto jako pierwsze otrzymało Amerykański prezent w postaci bomby atomowej? Hiroshima
87%
Z jakiego kraju pochodził Zygmunt III Waza? Szwecja
85%
Jaka była główna przyczyną wybuchu I Wojny Światowej: Zamach w Sarajewie na Franciszka Fryderyka
85%
Pierwszym prezydentem USA był George Washington
84%
Kto utworzył Księstwo Warszawskie? Napoleon Bonaparte
80%
Zamach na WTS odbył się dnia: 11 września 2001
78%
Abraham Lincoln zmarł: Został zamordowany
76%
II Wojna Światowa odbywała się między: Państwami Osi, a Aliantami
75%
Kto sprowadził Krzyżaków do Polski? Karol Mazowiecki
73%
Kto wymyślił telefon? Alexander Graham Bell
71%
Kto był pierwszym polskim królem elekcyjnym? Henryk Walezy
62%
Kto był ostatnim władcą dynastii Andegawenów w Polsce? Jadwiga Andegaweńska
62%
Które z tych państw było kiedykolwiek sojusznikiem lub członkiem Państw Centralnych: Turcja
58%
Nie znaleziono quizów pasujących do podanych kryteriów
Rozkład punktacji
Procent ludzi z każdym wynikiem
Percentyl według liczby udzielonych odpowiedzi
Twoja historia wyników
Nie rozwiązałeś tego quizu